00000000nam##2200000za#4500
0019.642054
003CaOODSP
00520210624223520
007cr |||||||||||
008150407|2000||||xxc|||||o    f|0| 0 fre|d
040 |aCaOODSP|bfre
043 |an-cn---
0861 |aM22-135/2000F-PDF
1101 |aCanada.|bRessources naturelles Canada. |bSecrétariat du changement climatique.
24510|aPlan d'action 2000 du gouvernement du Canada sur le changement climatique |h[ressource électronique]
260 |aOttawa - Ontario : |bRessources naturelles Canada. |c2000.
300 |a17p.|bgraphiques
500 |aLe n° de catalogue (M22-135/2000F) et l'ISBN (0-662-85118-8) de l'édition imprimée ont été incorrectement copiés dans l'édition électronique.
590 |a13-15-Supp|b2013-06-24
69107|aPolitique environnementale|2gcpds
69107|aEffet de serre|2gcpds
69107|aClimat|2gcpds
77508|tGovernment of Canada Action Plan 2000 on Climate Change |w(CaOODSP)9.698058
7760#|tPlan d'action 2000 du gouvernement du Canada sur le changement climatique |w(CaOODSP)9.681274
85640|ahttp://publications.gc.ca|qPDF|s1.40 Mo|uhttps://publications.gc.ca/collections/Collection/M22-135-2000F.pdf